LEADER 04156nam 2200577 450 001 9910465793603321 005 20200520144314.0 010 $a1-4968-0483-X 035 $a(CKB)3710000000635666 035 $a(EBL)4470919 035 $a(MiAaPQ)EBC4470919 035 $a(OCoLC)929332118 035 $a(MdBmJHUP)muse47250 035 $a(Au-PeEL)EBL4470919 035 $a(CaPaEBR)ebr11201844 035 $a(CaONFJC)MIL909714 035 $a(EXLCZ)993710000000635666 100 $a20160421h20162016 uy 0 101 0 $aeng 135 $aur|||||||nn|n 181 $2rdacontent 182 $2rdamedia 183 $2rdacarrier 200 10$aPioneering cartoonists of color /$fTim Jackson 210 1$aJackson, [Mississippi] :$cUniversity Press of Mississippi,$d2016. 210 4$dİ2016 215 $a1 online resource (176 p.) 300 $aIncludes index. 311 $a1-4968-0479-1 311 $a1-4968-0485-6 327 $aCover; Half title; Title; Copyright; Dedication; Contents; Introduction; Chapter 1 What We Had to Overcome; Chapter 2 1800-1899: The Pioneering Cartoons; Chapter 3 1900-1919: Turn-of-the-Twentieth-Century Cartoons; Chapter 4 The Race Cartoons of 1920-1929; Chapter 5 1930-1939: From Dixie to Harlem and Beyond; Chapter 6 1940-1949: The Cartoon Renaissance; Chapter 7 A Special Look: 1941-1946: Wartime 'Toons in the Black Press; Chapter 8 1950-1959: In Livin' Color; Chapter 9 1960-1968: Going Mainstream; Chapter 10 1970 and Beyond: To Be Continued; Appendix: The Pioneering Cartoonists 327 $aNotesIndex 330 $a"Syndicated cartoonist and illustrator Tim Jackson offers an unprecedented look at the rich yet largely untold story of African American cartoon artists. This book provides a historical record of the men and women who created seventy-plus comic strips, many editorial cartoons, and illustrations for articles. The volume covers the mid-1880s, the early years of the self-proclaimed black press, to 1968, when African American cartoon artists were accepted in the so-called mainstream.When the cartoon world was preparing to celebrate the one hundredth anniversary of the American comic strip, Jackson anticipated that books and articles published upon the anniversary would either exclude African American artists or feature only the three whose work appeared in mainstream newspapers after Dr. Martin Luther King Jr.'s assassination in 1968. Jackson was determined to make it impossible for critics and scholars to plead an ignorance of black cartoonists or to claim that there is no information on them. He began in 1997 cataloging biographies of African American cartoonists, illustrators, and graphic designers, and showing samples of their work. His research involved searching historic newspapers and magazines as well as books and "Who's Who" directories.This project strives not only to record the contributions of African American artists, but also to place them in full historical context. Revealed chronologically, these cartoons offer an invaluable perspective on American history of the black community during pivotal moments, including the Great Migration, race riots, the Great Depression, and both World Wars. Many of the greatest creators have already died, so Jackson recognizes the stakes in remembering them before this hidden yet vivid history is irretrievably lost"--$cProvided by publisher. 606 $aCaricatures and cartoons$zUnited States$xHistory and criticism 606 $aCaricatures and cartoons$xSocial aspects$zUnited States 606 $aAfrican American cartoonists$vBiography 606 $aAfrican American artists$vBiography 608 $aElectronic books. 615 0$aCaricatures and cartoons$xHistory and criticism. 615 0$aCaricatures and cartoons$xSocial aspects 615 0$aAfrican American cartoonists 615 0$aAfrican American artists 676 $a741.5/973 700 $aJackson$b Tim$f1958-$0973723 801 0$bMiAaPQ 801 1$bMiAaPQ 801 2$bMiAaPQ 906 $aBOOK 912 $a9910465793603321 996 $aPioneering cartoonists of color$92215922 997 $aUNINA LEADER 06574nam 2200721I 450 001 9910450118403321 005 20200520144314.0 010 $a0-429-08798-5 010 $a1-280-46545-X 010 $a9786610465453 010 $a1-4175-7783-5 010 $a90-474-0330-4 035 $a(CKB)1000000000033184 035 $a(EBL)253654 035 $a(OCoLC)171583286 035 $a(SSID)ssj0000224275 035 $a(PQKBManifestationID)12093230 035 $a(PQKBTitleCode)TC0000224275 035 $a(PQKBWorkID)10209815 035 $a(PQKB)10974778 035 $a(MiAaPQ)EBC253654 035 $a(Au-PeEL)EBL253654 035 $a(CaPaEBR)ebr10090586 035 $a(CaONFJC)MIL46545 035 $a(OCoLC)935229445 035 $a(OCoLC)156300930 035 $a(EXLCZ)991000000000033184 100 $a20180611d2003 uy 0 101 0 $aeng 135 $aur|n|---||||| 181 $ctxt 182 $cc 183 $acr 200 00$aPolyimides and other high temperature polymers: synthesis, characterization and applications$hVolume 2 /$fedited by Kash L. Mittal 205 $aFirst edition. 210 1$aBoca Raton, FL :$cCRC Press, an imprint of Taylor and Francis,$d2003. 215 $a1 online resource (543 p.) 225 0 $aPolyimides and other high-temperature polymers ;$v2 300 $aDescription based upon print version of record. 311 $a0-367-44678-2 311 $a90-6764-378-5 320 $aIncludes bibliographical references and index. 327 $aContents; Preface; Poly(amic acid)s and their ionic salt solutions: Synthesis, characterization and stability study; A new interpretation of the kinetic model for the imidization reaction of PMDA-ODA and BPDA-PDA poly(amic acid)s; Synthesis and characterization of new organosoluble poly(ether imide)s derived from various novel bis(ether anhydride)s; Synthesis of novel polyimides from dianhydrides with flexible side chains; Polyimides based on rhenium(I) diimine complexes; New highly phenylated bis(phthalic) and bis(naphthalic) anhydrides and polyimides therefrom 327 $aNew photoalignable polyimides and their ability to control liquid-crystal alignmentProton conducting polyimides from novel sulfonated diamines; High-modulus poly(p-phenylenepyromellitimide) films obtained using a novel gel-drawing technique; Effect of structure on the thermal behaviour of bisitaconimide resins; 1-Amino-4,5-8-naphthalenetricarboxylic acid-1,8-lactam-4,5-imide-containing macrocycles: Synthesis, molecular modeling and polymerization; Synthesis of aromatic benzoxazole polymers for high T[sub(g)], low dielectric properties 327 $aPolybenzobisthiazoles - Critical issues in their performance and propertiesElectrical breakdown and electrostatic phenomena in ultra-thin polyimide Langmuir-Blodgett films; Humid ageing of polyetherimide: Chemical and physical interactions with water; Transport of water in high T[sub(g)] polymers: A comparison between interacting and non-interacting systems; New developments in the adhesion promotion of electroless Ni or Cu films to polyimide substrates; Surface modification of polyimide to improve its adhesion to deposited copper layer 327 $aStudy on the structure and adhesion of copper thin films on chemically modified polyimide surfacesChemical interaction of Fe, Ni and Au with poly(vinyl chloride) and poly(tetrafluoroethylene) during thermal evaporation and the effect of post-metallization X-ray irradiation studied by in situ X-ray; Plasma polymer adhesion promoters for metal-polymer systems; Metallized polyimide films with high reflectivity and electroconductivity; RF plasma etching of a polyimide film with oxygen mixed with nitrogen trifluoride 327 $aComparison of polyimide film surface properties exposed to real and simulated space environments: Relevance of atomic oxygen effects to wettability in spaceDevelopment and optimization of a laser carbonized polyimide film as a sensor substrate for an all-polymer humidity sensor; Fluorinated copolyimides for microelectronics applications; Fabrication of thin-film transistors on polyimide films; Polyimide/polystyrene nanocomposite films as membranes for gas separation and precursors for polyimide nanofoams; Amine-quinone polyimides - High temperature polymers that protect iron against corrosion 327 $aSemicrystalline DABP-BTDA polyimide modified by fullerenes for wear protection 330 3 $aThis volume documents the proceedings of the Second International Symposium on Polyimides and Other High Temperature Polymers: Synthesis, Characterization and Applications, held in Newark, New Jersey, December 3-6, 2001. Polyimides possess many desirable attributes, so this class of materials has found applications in many technologies ranging from microelectronics to high temperature adhesives to membranes.This volume contains a total of 32 papers, all rigorously peer reviewed and revised before inclusion, addressing many aspects and new developments in polyimides and other high temperature polymers. The book is divided into two parts: Synthesis, Properties and Bulk Characterization and Surface Modification, Interfacial or Adhesion Aspects and Applications. The topics covered include: synthesis and characterization of a variety of polyimides; photoalignable polyimides; high-modulus poly(p-phenylenepyromellitimide) films; structure-property relationships in polyimides; aromatic benzoxazole polymers; polybenzobisthiazoles; polyimide L-B films; transport of water in high Tg polymers; surface modification of polyimides; adhesion of metal films to polyimide and other polymers; investigation of interfacial interactions between metals and polymers; polyimide film surface properties; applications of polyimides in microelectronics, as membranes for gas separation, as composite films; fabrication of thin-film transistors on polyimide films; polyimide modified with fullerenes; semicrystalline polyimides for advanced composites; and wear performance of polyetherimide composite. 606 $aPolyimides$vCongresses 606 $aHeat resistant plastics$vCongresses 608 $aElectronic books. 615 0$aPolyimides 615 0$aHeat resistant plastics 676 $a668.4/23 702 $aMittal$b Kash L.$f1945- 801 0$bMiAaPQ 801 1$bMiAaPQ 801 2$bMiAaPQ 906 $aBOOK 912 $a9910450118403321 996 $aPolyimides and other high temperature polymers: synthesis, characterization and applications$92144867 997 $aUNINA